Il padre d'Italia /

Đã lưu trong:
Chi tiết về thư mục
Tác giả chính: Giampà, Giorgio (Nhà soạn nhạc)
Tác giả khác: D'Antonio, Daria (Nhiếp ảnh gia), Sgueglia, Mario (Diễn viên), Porto, Josella (Người viết kịch bản), Mollo, Fabio (Giám đốc, Người viết kịch bản), Putignano, Sara (Diễn viên), Ferruzzo, Anna (Diễn viên), De Cola, Federica (Diễn viên), Marinelli, Luca, (1984- Roma) (Diễn viên), Servino, Luca, Ragonese, Isabella (Diễn viên), Botti, Donatella (Nhà sản xuất)
Định dạng: Luận văn Slide
Ngôn ngữ:Tiếng Italy
Được phát hành: Campi Bisenzio : CG Entertainment, ©2017
Các nhãn: Thêm thẻ
Không có thẻ, Là người đầu tiên thẻ bản ghi này!

MARC

LEADER 00000ngm a22000007i 4500
001 IT\ICCU\ANA\0505590
003 ItRI
005 20260124182853.0
008 170901s2017 it |||||||||||||||k|||||c
024 3 1 |a 8057092017616 
028 4 2 |a PSV21632 
040 |b ita 
041 7 |a ita  |2 ISO-639-2 
130 3 |a Il padre d'Italia <film ; 2017>  |3 IT\ICCU\ANA\0505591 
245 0 3 |a Il padre d'Italia /  |c un film di Fabio Mollo ; soggetto e sceneggiatura di Fabio Mollo, Josella Porto ; scenografia Luca Servino ; montaggio Filippo Montemurro ; direttore della fotografia Daria D'Antonio ; musiche originali Giorgio Giampà ; prodotto da Donatella Botti ; interpreti: Luca Marinelli, Isabella Ragonese, Mario Sgueglia ...[et al.]. 
260 |a Campi Bisenzio :  |b CG Entertainment,  |c ©2017 
300 |a 1 DVD-Video (93 min) :  |b color., sonoro ;  |c 12 cm 
500 |a Titolo del contenitore 
500 |a Data desunta da catalogo on line 
500 |a Lingue: italiano; sottotitoli: italiano per non udenti 
500 |a Data di produzione cinematografica: Italia, 2017 
500 |a Caratteristiche tecniche: codice area 2; PAL; 16/9, 1.85:1; Dolby digital 5.1, 2.0 
502 |a Contenuti speciali: intervista a Luca Marinelli e Isabella Aragonese; trailer; backstage 
700 1 |a D'Antonio, Daria  |0 IT\ICCU\CAGV\567671  |4 pht 
700 1 |a Sgueglia, Mario  |0 IT\ICCU\DDSV\386544  |4 act 
700 1 |a Porto, Josella  |0 IT\ICCU\LO1V\434548  |4 sce 
700 1 |a Giampà, Giorgio  |0 IT\ICCU\LO1V\435772  |4 cmp 
700 1 |a Mollo, Fabio  |0 IT\ICCU\MODV\661119  |4 drt 
700 1 |a Mollo, Fabio  |0 IT\ICCU\MODV\661119  |4 sce 
700 1 |a Putignano, Sara  |0 IT\ICCU\MODV\674121  |4 act 
700 1 |a Ferruzzo, Anna  |0 IT\ICCU\RAVV\388997  |4 act 
700 1 |a De Cola, Federica  |0 IT\ICCU\RAVV\577354  |4 act 
700 1 |a Marinelli, Luca,  |d  (1984-   |c Roma)  |0 IT\ICCU\SBNV\032694  |4 act 
700 1 |a Servino, Luca  |0 IT\ICCU\TSAV\600726 
700 1 |a Ragonese, Isabella  |0 IT\ICCU\UBOV\263734  |4 act 
700 1 |a Botti, Donatella  |0 IT\ICCU\UBOV\811553  |4 pro 
942 |2 ddc  |c VM  |n 0 
952 |0 0  |1 0  |4 0  |6 VO_2357_000000000000000  |7 0  |9 27301  |a BO  |b BO  |d 2026-01-24  |i 19018  |l 0  |o VO 2357  |p BO19018  |r 2026-01-24 18:28:53  |w 2026-01-24  |x [Sebina 5] [1 v.]  |y VM  |z 1 dvd 
999 |c 23116  |d 23116